Normal view
MARC view
Entry Topical Term
001 - CONTROL NUMBER
- control field: 13523
003 - CONTROL NUMBER IDENTIFIER
- control field: ARRUPE
005 - DATE AND TIME OF LATEST TRANSACTION
- control field: 20150106133323.0
008 - FIXED-LENGTH DATA ELEMENTS
- fixed length control field: 150106|| aca||aabn | a|a d
040 ## - CATALOGING SOURCE
- Original cataloging agency: ARRUPE
- Transcribing agency: ARRUPE
150 ## - HEADING--TOPICAL TERM
- Topical term or geographic name as entry element: Law
- Geographic subdivision: Zimbabwe
670 ## - SOURCE DATA FOUND
- Source citation: Work cat.: (ARRUPE)121425: Chizikani, Augustine Runesu. 13174, The laws of Zimbabwe :